Prognóza vývoja ekonomiky Slovenska na rok 2001 a výhľad do roku 2004

Vývoj ekonomického prostredia SR v roku 2001. Východiská a predpoklady budúceho vývoja vnútorného ekonomického prostredia. Prognóza vývoja na rok 2001 s výhľadom do roku 2004: inflácia, trh práce, zahraničný obchod a saldo platobnej bilancie, menový vývoj, hrubý domáci produkt.

Salvato in:
Dettagli Bibliografici
Autore principale: Páleník, Viliam
Altri autori: Kvetan, Vladimír, Vokoun, Jaroslav
Natura: Capitolo di libro
Lingua:slovacco
inglese
Soggetti:
Tags: Aggiungi Tag
Nessun Tag, puoi essere il primo ad aggiungerne!!

MARC

LEADER 00000naa a2200000 4500
001 r040912
005 20221128113836.4
041 0 |a slo 
041 0 |a eng 
044 |a SK 
245 1 0 |a Prognóza vývoja ekonomiky Slovenska na rok 2001 a výhľad do roku 2004  |c Viliam Páleník, Vladimír Kvetan, Jaroslav Vokoun 
520 |a Vývoj ekonomického prostredia SR v roku 2001. Východiská a predpoklady budúceho vývoja vnútorného ekonomického prostredia. Prognóza vývoja na rok 2001 s výhľadom do roku 2004: inflácia, trh práce, zahraničný obchod a saldo platobnej bilancie, menový vývoj, hrubý domáci produkt. 
610 2 0 |a prognózy hospodárske 
610 2 0 |a hospodárstvo národné 
610 2 0 |a vývoj hospodársky 
610 2 0 |a prostredie ekonomické 
610 2 0 |a inflácia 
610 2 0 |a trh práce 
610 2 0 |a obchod zahraničný 
610 2 0 |a bilancia platobná 
610 2 0 |a vývoj menový 
610 2 0 |a produkt domáci hrubý 
610 2 0 |a ukazovatele makroekonomické 
610 2 0 |a Slovensko 
610 2 0 |a 2001 
610 2 0 |a 2004 
100 1 |a Páleník, Viliam 
700 1 |a Kvetan, Vladimír 
700 1 |a Vokoun, Jaroslav